| 000 | 10489nam a22006977a 4500 | ||
|---|---|---|---|
| 005 | 20110810121111.0 | ||
| 010 | _aB-435298-338 | ||
| 020 |
_a8179010627 _c150.00 |
||
| 035 | _aB-435298-338 | ||
| 037 | _bबल्यूबेरी | ||
| 082 | _a523.88 | ||
| 100 |
_aयादव, हरीश _932275 |
||
| 245 |
_aसितारों का जगमग संसार / _cहरीश यादव |
||
| 260 |
_aनई दिल्ली _bसुयोग्य प्रकाशन _c2010 |
||
| 270 |
_aW-116,ग्रेटर कैलाश-1 _bनई दिल्ली _e110048 |
||
| 300 |
_a43पृ _c22 सेमी (सजिल्द) _bसचित्र |
||
| 500 | _aवर्ष 2005 में समान प्रकाशक से प्राप्त | ||
| 942 |
_adpl _cCH _2ddc _mयादव _h523.88 |
||
| 999 |
_c50727 _d50727 |
||